| 000 | 00982nam a22002537a 4500 | ||
|---|---|---|---|
| 005 | 20130617105734.0 | ||
| 010 | _aENG-107492 | ||
| 020 |
_a9780300171471 _c947.00 |
||
| 035 | _aEN-91025 | ||
| 037 | _bDBAD/PUB | ||
| 082 | _a201.65 | ||
| 100 | _aRobinson, Marilynne | ||
| 245 |
_aAbsence of mind : _cby Marilynne Robinson _bthe dispelling of inwardness from the modern myth of the self / |
||
| 260 |
_aLondon _bYale University Press _c2010 |
||
| 300 |
_axviii,158p. _c21cm(pbk) |
||
| 490 | _aThe Terry lecture series | ||
| 500 | _aIncludes bibliographical references and index | ||
| 500 | _aEssays from the lectures delivered at Yale University, the Dwight Harrington Terry Foundation. | ||
| 505 | _a Introduction -- On human nature -- The strange history of altruism -- The Freudian self -- Thinking again. | ||
| 650 | _a Religion and science. | ||
| 650 | _a Philosophy, Modern. | ||
| 650 | _a Thought and thinking. | ||
| 942 |
_2ddc _cEN _mROB _h201.65 |
||
| 999 |
_c76398 _d76398 |
||